000 00272nam a22001217a 4500
008 171003b xxu||||| |||| 00| 0 eng d
041 _aeng
080 _a159.9
100 _a48
101 _aPSI
245 _aSTRESS, APPRAISAL, AND COPING
_cLAZARUS,R.S
942 _2udc
_cBK
999 _c31388
_d31388